000 00254nam a2200097Ia 4500
001 694138
005 20250826161927.0
008 250824s9999 xx 000 0 und d
245 0 _aBaşarıya Götüren Aile
_cDOĞAN CÜCELOĞLU
260 _bREMZİ KİTABEVİ
999 _c694138
_d694138